Movies Quiz

Random Movies or Disney Quiz

The Cave of Wonders Quiz Stats

Quiz Updated Jun 29, 2012

Challenge
Share
Tweet
Embed
Score 0/60 Timer 03:00
4 Plays Today
% Correct
[It is I, Gazeem. A humble thief.]
100%
[It is I, Aladdin.]
99.9%
[ROAR!]
99.9%
the
84.6%
the
84.6%
the
84.6%
the
84.6%
the
84.6%
the
84.6%
Who
80.6%
Who
80.6%
A
76.2%
in
69.1%
in
69.1%
my
66.2%
my
66.2%
You
65%
you
65%
slumber?
61.7%
slumber?
61.7%
enter
60.5%
disturbs
58.6%
disturbs
58.6%
lamp!
58.2%
diamond
57.9%
diamond
57.9%
rough.
57.2%
rough. [echo]
57.2%
Touch
56.3%
Only
53.5%
% Correct
but
52.4%
nothing
49.9%
one
48.4%
one
48.4%
may
48.2%
of
43.7%
will
38.2%
see
37.9%
have
35.2%
treasure!
32.5%
here,
29.5%
never
28.5%
this:
27.4%
touched
27%
Now
26.7%
light
26.6%
day!
26.6%
Seek
25.9%
forbidden
24.5%
again
24.5%
Know
24.5%
out
23.7%
worth
23.4%
Proceed.
21.8%
whose
16.6%
thee
15.4%
within.
14%
lies
13.4%
INFIDELS!
12.7%
far
11.4%

You're not logged in!

Compare scores with friends on all Sporcle quizzes.
Join for Free
OR
Log In

You Might Also Like...

Show Comments

Extras

Top Quizzes Today


Score Distribution

Your Account Isn't Verified!

In order to create a playlist on Sporcle, you need to verify the email address you used during registration. Go to your Sporcle Settings to finish the process.

Report this User

Report this user for behavior that violates our Community Guidelines.

Details: